Schauspieler, die mit Wolfgang Petersen gearbeitet haben - Statistiken

Allgemein
  • Dieses Quiz wurde 8 mal gespielt
  • Das Durchschnittsergebnis liegt bei 8 aus 98
Antwortstatistiken
Film Antwort % Korrekt
Troja Brad Pitt
75%
Outbreak- Lautlose Killer Dustin Hoffman
50%
Das Boot Herbert Grönemeyer
50%
Das Boot, Air Force One, Die Konsequenz, Einer von uns beiden Jürgen Prochnow
50%
Troja Diane Kruger
38%
Air Force One Harrison Ford
38%
Das Boot Martin Semmelrogge
38%
Troja Orlando Bloom
38%
In the Line of Fire- Die zweite Chance Clint Eastwood
25%
Der Sturm George Clooney
25%
Das Boot Klaus Wennemann
25%
Der Sturm Mark Wahlberg
25%
Vier gegen die Bank Matthias Schweighöfer
25%
Troja Peter O'Toole
25%
Troja Sean Bean
25%
Vier gegen die Bank Til Schweiger
25%
Das Boot Uwe Ochsenknecht
25%
Vier gegen die Bank Alexandra Maria Lara
13%
Das Boot Bernd Tauber
13%
Enemy Mine- Geliebter Feind Dennis Quaid
13%
Troja Eric Bana
13%
Vier gegen die Bank Fahri Yardim
13%
Air Force One Gary Oldman
13%
Air Force One Glenn Close
13%
Das Boot Hubertus Bengsch
13%
Vier gegen die Bank Jana Pallaske
13%
Vier gegen die Bank Jan Josef Liefers
13%
In the Line of Fire- Die zweite Chance John Malkovich
13%
Poseidon Kurt Russell
13%
Vier gegen die Bank Michael Herbig
13%
Die unendliche Geschichte Noah Hathaway
13%
In the Line of Fire- Die zweite Chance, Outbreak- Lautlose Killer Rene Russo
13%
Das Boot Sky du Mont
13%
Die unendliche Geschichte Tami Stronach
13%
Die unendliche Geschichte Alan Oppenheimer
0%
Poseidon Andre Braugher
0%
Vier gegen die Bank Antje Traue
0%
Die unendliche Geschichte Barret Oliver
0%
Outbreak- Lautlose Killer Benito Martinez
0%
Tod im Spiegel Bob Hoskins
0%
Troja Brendan Gleeson
0%
Troja Brian Cox
0%
Enemy Mine- Geliebter Feind Brion James
0%
Schwarz und weiß wie Tage und Nächte Bruno Ganz
0%
Vier gegen die Bank Claudia Michelsen
0%
Tod im Spiegel Corbin Bernsen
0%
Outbreak- Lautlose Killer Cuba Gooding Jr.
0%
Air Force One Dean Stockwell
0%
Die unendliche Geschichte Deep Roy
0%
Der Sturm Diane Lane
0%
Outbreak- Lautlose Killer Donald Sutherland
0%
In the Line of Fire- Die zweite Chance Dylan McDermott
0%
Einer von uns beiden Elke Sommer
0%
Poseidon Emmy Rossum
0%
Die Konsequenz Ernst Hannawald
0%
Das Boot Erwin Leder
0%
Poseidon Fergie
0%
In the Line of Fire- Die zweite Chance Fred Thompson
0%
Troja Garrett Hedlund
0%
In the Line of Fire- Die zweite Chance Gary Cole
0%
Schwarz und weiß wie Tage und Nächte Gila von Weitershausen
0%
Tod im Spiegel Greta Scacchi
0%
Die Konsequenz Hans-Michael Rehberg
0%
Poseidon Jacinda Barrett
0%
Troja James Cosmo
0%
Tod im Spiegel Joanne Whalley
0%
Der Sturm John C. Reilly
0%
Der Sturm John Hawkes
0%
Poseidon Josh Lucas
0%
Troja Julian Glover
0%
Der Sturm Karen Allen
0%
Outbreak- Lautlose Killer Kevin Spacey
0%
Einer von uns beiden Klaus Schwarzkopf
0%
Air Force One Liesel Matthews
0%
Enemy Mine- Geliebter Feind Louis Gossett Jr.
0%
Smog Marie-Luise Marjan
0%
Der Sturm Mary Elizabeth Mastrantonio
0%
Poseidon Mia Maestro
0%
Outbreak- Lautlose Killer Morgan Freeman
0%
Die unendliche Geschichte Moses Gunn
0%
Die unendliche Geschichte Patricia Hayes
0%
Outbreak- Lautlose Killer Patrick Dempsey
0%
Air Force One Paul Guilfoyle
0%
Poseidon Richard Dreyfuss
0%
Enemy Mine- Geliebter Feind Richard Marcus
0%
Troja Rose Byrne
0%
Die unendliche Geschichte Sydney Bromley
0%
Vier gegen die Bank Thomas Kretschmann
0%
Air Force One Titus Welliver
0%
In the Line of Fire- Die zweite Chance Tobin Bell
0%
Tod im Spiegel Tom Berenger
0%
Einer von uns beiden Ulla Jacobsson
0%
Air Force One Wendy Crewson
0%
Die Konsequenz Werner Schwuchow
0%
Der Sturm William Fichtner
0%
Air Force One William H. Macy
0%
Smog Wolfgang Grönebaum
0%
Air Force One Xander Berkeley
0%
Keine übereinstimmenden Quizze gefunden
Verteilung der Resultate
Anzahl Personen mit jedem Resultat
Perzentil nach korrekt beantworteten Fragen
Ihre Resultats-Entwicklung
Sie haben dieses Quiz noch nicht gespielt